00338nam a2200133Ia 4500008004100000041000800041082001500049100001500064245003400079250001400113260003700127300003300164365000700197240624s9999 xx 000 0 und d aeng a658.15 PAN aPANDEY I M aCASES IN FINANCIAL MANAGEMENT a(2nd ed.) c2004aNew DelhibTata McGrawhill axviii, : 613 : p. : cm. ; 23 cRS